Primrose Everdeen Quiz - Statistics

General Stats
  • This quiz has been taken 517 times
    515 since last reset
  • The average score is 12 of 15
Answer Stats
Hint Answer % Correct
Who volunteer's to go into the Hunger Games for Prim? Katniss Everdeen
99%
Who picks Prim's name at the reaping? Effie Trinket
95%
What is the name of Prim's cat? Buttercup
93%
What is the name of Prim's goat? Lady
91%
What color is Prim's hair? blond
90%
What color are Prim's eyes? blue
88%
Prim is how old in the first book? twelve
88%
Who reminds Katniss of Prim? rue
80%
How does Prim die? burned to death
78%
Where does Prim live? the Seam in District 12
78%
How did Prim's father die? mining explosion
72%
In District 13, what does Prim become? a nurse
71%
Who does Katniss blame for Prim's death? Gale
71%
Prim tells Katniss to _______ in the arena. try to win
59%
Who promises Katniss that Prim won't go hungry? the baker
48%
No matching quizzes found
Score Distribution
Percent of People with Each Score
Percentile by Number Answered
Your Score History
You have not taken this quiz since the last reset